| 000 | 00581nam a2200169Ia 4500 | ||
|---|---|---|---|
| 008 | 090711s9999 xx 000 0 und d | ||
| 082 | _b33775 | ||
| 100 | _aबेलसरे केशव वि. | ||
| 245 | _aसार्थ श्रीमत् दासबोध | ||
| 260 | _c1976 | ||
| 300 | _a431 | ||
| 600 | _aबेलसरे केशव वि. | ||
| 630 | _aसार्थ श्रीमत् दासबोध | ||
| 700 | _aबेलसरे केशव वि. | ||
| 730 | _aसार्थ श्रीमत् दासबोध | ||
| 942 | _cBOOK | ||
| 999 |
_c326265 _d326265 |
||